| 000 | 00670nam a2200253Ia 4500 | ||
|---|---|---|---|
| 001 | dia_2472 | ||
| 003 | CHAP | ||
| 005 | 20251023171538.0 | ||
| 008 | 220117s2000 xx 000 0 und d | ||
| 010 | _a172995 | ||
| 020 | _a970-18-4119-0 | ||
| 040 | _cCHAP | ||
| 082 | _a500 C7 | ||
| 100 |
_aCruz Uranga, Fernando M. _9152966 |
||
| 245 |
_aFundamentos Cientificos de los Modelos / _c por Fernando M. Cruz Uranga |
||
| 260 |
_aMexico : _b IPN, _c2000 |
||
| 300 | _a185 p. | ||
| 503 | _aC/e | ||
| 650 |
_a1.Ciencia _9152967 |
||
| 901 | _a500 C7 | ||
| 902 | _aM | ||
| 905 | _a0000002000 MX X 0000000000SPA00 | ||
| 942 |
_cLIBRO _2ddc |
||
| 999 |
_c172995 _d172995 |
||